000 00592nam a2200229 i 4500
001 C2-0133066
003 PPAK
005 20180727123245.0
008 971025s xx a|||| ||||| | eng d
020 _a0671722409
040 _aPPAK
_beng
_cPPAK
_erda
082 0 4 _a597.065
_223
090 0 0 _a597.065
_bSTE
_dRK
100 1 _aSteele, Philip,
_eauthor
245 1 0 _aKillers fish
264 1 _bJulian Messner ,
300 _a32 pages :
_bcolour illustrations ;
_c21 cm
336 _2rdacontent
_atext
337 _2rdamedia
_aunmediated
338 _2rdacarrier
_avolume
942 _ddc
_cB
999 _c41829
_d41829